| 000 | 00967nac a22002771i 4500 | ||
|---|---|---|---|
| 003 | EG-ScBUE | ||
| 005 | 20250126100019.0 | ||
| 008 | 250126t2004 maua f b 001 0 eng d | ||
| 020 | _a080538961X | ||
| 020 | _a9780805389616 | ||
| 040 |
_aEG-ScBUE _beng _erda _cEG-ScBUE _dEG-ScBUE |
||
| 082 | 0 | 4 |
_a530 _bKNI _222 |
| 100 | 1 |
_aKnight, Randall Dewey, _eauthor. |
|
| 245 | 1 | 0 |
_aPhysics for scientists and engineers : _ba strategic approach / _cRandall D. Knight, California Polytechnic State University. |
| 264 | 1 |
_aSan Francisco : _bPearson/Addison Wesley, _c[2004] |
|
| 264 | 4 | _cc2004 | |
| 300 |
_a1 volume (various pagings) : _billustrations ; _c28 cm |
||
| 336 |
_2rdacontent _atext _btxt |
||
| 337 |
_aunmediated _2rdamedia _bn |
||
| 338 |
_avolume _bnc _2rdacarrier |
||
| 500 | _aStudent workbook with modern physics. | ||
| 504 | _aIncludes bibliographical references and index. | ||
| 650 | 7 |
_aPhysics. _2BUEsh |
|
| 655 | _vReading book | ||
| 942 |
_cBB _2ddc |
||
| 999 |
_c1353 _d1353 |
||